Δασική νομοθεσία : συμπλήρωμα : Ν.2941/2001, Ν.2945/2001, Π.Δ.228/2002, Π.Δ.17/2003, Ν.3193/2003, Ν.3208/2003

Αποθηκεύτηκε σε:
Λεπτομέρειες βιβλιογραφικής εγγραφής
Κύριος συγγραφέας: Μακρής, Ιωάννης
Μορφή: Βιβλίο
Γλώσσα:Greek
Δημοσίευση: Αθήνα : Σάκκουλας, 2005
Θέματα:
Ετικέτες: Προσθήκη ετικέτας
Δεν υπάρχουν, Καταχωρήστε ετικέτα πρώτοι!

MARC

LEADER 00000nam a2200000 i 4500
001 1/73321
008 080205s2005 gre d
020 |a 960-301-965-8 
035 |l 10094366 
040 |a GR-MY-UA  |b gre  |e aacr 
041 0 |a gre 
082 0 |a 346.04675  |2 (22) 
100 1 |a Μακρής, Ιωάννης. 
245 1 0 |a Δασική νομοθεσία :  |b συμπλήρωμα : Ν.2941/2001, Ν.2945/2001, Π.Δ.228/2002, Π.Δ.17/2003, Ν.3193/2003, Ν.3208/2003 /  |c Ιωάννης Στ. Μακρής 
260 |a Αθήνα :   |b Σάκκουλας,   |c 2005 
300 |a 80 σ.;  |c 24 εκ.  
650 0 0 |a Forestry law and legislation  |z Greece. 
852 |a INST  |b LESVOS  |e 20080205  |h 346.04675 ΜΑΚ  |p 005100040723  |q 005100040723  |t BK  |y 0 
901 |a BIBL1-2008-1 
909 |a Λ  |b 142060 
922 |a 1ΕΛΗ  |b 200711  |c ΕΠΕΑΕΚ2/ΤΠ  |d Σ. ΠΑΤΑΚΗΣ 
970 |a ΧΑΤΖΗΜΙΧΑΗΛ  |b ΜΑΡΙΑ  |z 2008/02/05